Statystyki dla Południowe Podlasie - Quiz wiedzy

Kliknij tutaj aby rozwiązać quiz!

Ogólne statystyki

  • Ten quiz został rozwiązany 7 razy
  • Średni wynik to 5 z 15

Statystyki odpowiedzi

PytanieOdpowiedź% Poprawnych
Grupa narodowościowa wyznająca islam, zamieszkująca niegdyś ziemie Południowego Podlasia?Tatarzy
100%
Która miejscowość była w przeszłości siedzibą biskupów?Janów Podlaski
67%
Nad którą rzeką odbywało się kilka edycji festiwalu Land Art?Bug
50%
Po którym powstaniu masowo odebrano prawa miejskie wielu miejscowościom Południowego Podlasia?styczniowym
50%
Pod którym zaborem znalazły się ziemie Południowego Podlasia w 1795 roku?Austriackim
33%
Jaki model czołgu pełni funkcję pomnika w okolicach Nepli?T 34
33%
Jaki numer nosił pułk piechoty stacjonujący w czasie II RP w Białej Podlaskiej?34
17%
Jak nazywał się urodzony w Białej Podlaskiej skrzypek, który w czasie swojej kariery występował m.in. z Ludwikiem van Beethovenem?
George Bridgetower
17%
Gdzie urodził się Stanisław Brzóska, jeden z dowódców powstania styczniowego?Dokudów
17%
Jak nazywano przebiegający przez okolicę szlak łączący Kraków z Wilnem?Jagielloński
17%
Jak potocznie nazywa się znajdujące się m.in. w Neplach, Pratulinie czy Woskrzenicach kamienne posągi?Kamienne Baby
17%
Jak inaczej nazywano samolot Boeing B-17, którego jeden egzemplarz zestrzelono w 1944r. w okolicach Worońca?Latająca Forteca
17%
Miejscowość w której w czasach Rzeczpospolitej Obojga Narodów organizowano sejmiki?Parczew
17%
Na licencji których zagranicznych samolotów produkowano pierwsze modele PWS?Potez
17%
W jakiej miejscowości znajduje się Stadnina Koni Janów Podlaski?Wygoda
17%

Rozkład punktacji

Percentyl według liczby udzielonych odpowiedzi

Procent ludzi z każdym wynikiem

Twoja historia wyników

Nie rozwiązałeś tego quizu